[Event "EU-ch 12th"]
[Site "Aix les Bains"]
[Date "2011.03.28"]
[Round "7"]
[White "Menard, Baptiste"]
[Black "Bauer, Eric"]
[Result "1-0"]
[WhiteElo "1829"]
[BlackElo "1499"]
[PlyCount "37"]
[EventDate "2011.03.22"]
[EventType "swiss"]
[EventRounds "11"]
[EventCountry "FRA"]
[SourceTitle "CBM 142 Extra"]
[Source "ChessBase"]
[SourceDate "2011.06.27"]
[SourceVersion "1"]
[SourceVersionDate "2011.06.27"]
[SourceQuality "1"]

1. e4 d6 2. d4 Nf6 3. Nc3 g6 4. Be3 c6 5. f3 b5 6. Qd2 Nbd7 7. Nge2 Bb7 8. g4 Nb6 9. Ng3 Bg7 10. Bh6 0-0 11. h4 e5 12. h5 Qc7 13. 0-0-0 Nc4 14. Bxc4 bxc4 15. Rh3 Rfb8 16. Rdh1 Bc8 17. Bxg7 Qb7 18. Bxf6 Qxb2+ 19. Kd1 1-0

[Event "Rennes op 2nd"]
[Site "Rennes"]
[Date "2009.07.20"]
[Round "6"]
[White "Lezot, Pierre"]
[Black "Bauer, Eric"]
[Result "1/2-1/2"]
[WhiteElo "1744"]
[BlackElo "1499"]
[PlyCount "41"]
[EventDate "2009.07.15"]
[EventType "swiss"]
[EventRounds "9"]
[EventCountry "FRA"]
[SourceTitle "EXT 2011"]
[Source "ChessBase"]
[SourceDate "2010.11.26"]
[SourceVersion "1"]
[SourceVersionDate "2010.11.26"]
[SourceQuality "1"]

1. Nf3 d5 2. d4 Nf6 3. g3 h6 4. Bg2 e6 5. 0-0 c5 6. c3 Nc6 7. e3 Be7 8. Nbd2 0-0 9. Re1 Qc7 10. Qc2 e5 11. dxe5 Nxe5 12. Nxe5 Qxe5 13. Nf3 Bf5 14. e4 Bxe4 15. Nxe5 Bxc2 16. Nd7 Rfe8 17. Nxf6+ Bxf6 18. Bd2 Be4 19. Bxe4 dxe4 20. Be3 b6 21. Rad1 1/2-1/2